| 000 | 00846cam a2200217 a 4500 | ||
|---|---|---|---|
| 001 | 000006535 | ||
| 005 | 20200929153940.0 | ||
| 008 | 860624s1984 pr a b 000 0 spa | ||
| 020 | _a0865813736 | ||
| 035 | _a(DLC) 86176138 | ||
| 040 |
_aDO-SdBNP _cDLC _dDLC _dBNPHU |
||
| 082 |
_a928.61 _bC824M |
||
| 100 | 1 |
_aMedina López, Ramón Felipe, _d1935- _918149 |
|
| 245 | 1 | 0 |
_aJuan Antonio Corretjer, poeta nacional puertorriqueño : _bcuarenta años de poesía, 1927-1967 / _cRamón Felipe Medina López. |
| 260 |
_aSan Juan, Puerto Rico : _bInstituto de Cultura Puertorriqueña, _c1984. _eSanto Domingo _fCorripio |
||
| 300 |
_a207, [205] p. : _bil. ; _c24 cm. |
||
| 504 | _aBibliografía: p. [173]-204. | ||
| 600 | 1 | 0 |
_aCORRETJER, JUAN ANTONIO, _d1908-1985 _xCRÍTICA E INTERPRETACIÓN _918150 |
| 910 | _aCatalogación por copia / LC | ||
| 049 | _aBNGR | ||
| 999 |
_c6326 _d6326 |
||